00715nam a2200217 i 4500001000400000245010300004260004500107300002100152504002600173650002500199700002200224040000800246041000800254044000800262080001400270942000700284008004100291999001700332856009800349952005000447bgj10aVon Buch zu Buch, Günter Grass in der Kritik :beine Dokumentation /chrsg. von Gert Loschütz. aNeuwied ;aBerlin :bLuchterhand,c1968. a239 s. ;c20 cm. aBibliogr. s. 233-237.9 aLiteratura niemiecka1 aLOSCHÜTZ, Gert. cBPK0 ager aDEU a821.112.2 cKS s gw f |000 0 ger  c50374d50374 uhttp://koha.tu.koszalin.pl/cgi-bin/koha/opac-detail.pl?biblionumber=50374yKatalog online BPK 00104071aBPKbBPKcmhoN 280p02120966yKS